000 00632nam a2200241Ia 4500
008 170203s9999 xx 000 0 und d
020 _a9789812744883
050 _aFic
050 _bA374g
100 _aAlexander, Adrian.
245 _aGroup and share /
245 _cwritten and illustrated by Adrian Alexander.
260 _aSingapore :
260 _bTeachers@work,
300 _a24 pages :
300 _bcolor illustrations ;
300 _c21 cm.
440 _aShapeys mathematics readers,
440 _vlevel 2, bk. C.
650 _aDivision --
650 _aDivision.
650 _xJuvenile literature.
999 _c306361
_d306361